Group discussions: A Cyclonic study (Record no. 1160)
[ view plain ]
| 000 -LEADER | |
|---|---|
| fixed length control field | 00335nam a2200121Ia 4500 |
| 008 - FIXED-LENGTH DATA ELEMENTS--GENERAL INFORMATION | |
| fixed length control field | 130318s9999 xx 000 0 und d |
| 082 ## - DEWEY DECIMAL CLASSIFICATION NUMBER | |
| Classification number | 658.31123 SIN/G |
| 100 ## - MAIN ENTRY--PERSONAL NAME | |
| Personal name | Singh, Shiv Raj |
| 245 ## - TITLE STATEMENT | |
| Title | Group discussions: A Cyclonic study |
| 260 ## - PUBLICATION, DISTRIBUTION, ETC. | |
| Name of publisher, distributor, etc. | Arihant Publications(India Pvt.Ltd. |
| Place of publication, distribution, etc. | Meerut |
| 300 ## - PHYSICAL DESCRIPTION | |
| Extent | 348 |
| 650 ## - SUBJECT ADDED ENTRY--TOPICAL TERM | |
| Topical term or geographic name entry element | GROUP DISCUSSION |
| Withdrawn status | Lost status | Damaged status | Not for loan | Collection code | Home library | Current library | Shelving location | Date acquired | Cost, normal purchase price | Total Checkouts | Full call number | Barcode | Date last seen | Price effective from | Koha item type |
|---|---|---|---|---|---|---|---|---|---|---|---|---|---|---|---|
| Quantitative Aptitude/ Training Development/ Interview | Kerala University of Digital Sciences, Innovation and Technology Knowledge Centre | Kerala University of Digital Sciences, Innovation and Technology Knowledge Centre | Management | 18/03/2013 | 106.00 | 658.31123 SIN/G | 1167 | 18/03/2013 | 18/03/2013 | Books |